00345nam a2200109Ia 450000100070000000500170000700800410002424500530006526000100011899900190012895200880014764757520250826153705.0250824s9999 xx 000 0 und d 0aRuby Rogers Kime Bakıyorsun Öyle?cSue Limb bALTIN c647575d647575 00104070a1007b1007d2025-08-24l0p1007106r2025-08-26 15:37:05w2025-08-26yBK